| 000 | 01654nam a2200325Ia 4500 | ||
|---|---|---|---|
| 999 |
_c53696 _d53696 |
||
| 001 | 20744 | ||
| 003 | GE_BSU | ||
| 005 | 20210322141628.0 | ||
| 008 | 181216s2015||||ge |||||||||||||| ||geo|| | ||
| 020 | _a9789941079917 | ||
| 040 | _cGE_BSU | ||
| 041 | _ageo | ||
| 080 | _a321.64(479.22)(093)+94(479.22) ი-93 | ||
| 100 |
_aიუნგე, მარკ _910599 |
||
| 245 |
_aბოლშევიკური წესრიგი საქართველოში : _b2 ტ. დოკუმენტები დიდი ტერორის შესახებ საქართველოში / _cმარკ იუნგე, ომარ თუშურაშვილი, ბერნდ ბონვეჩი. |
||
| 264 |
_aთბილისი : _b[?], _c2015. |
||
| 300 |
_a374 გვ. : _bილ. ; _c25 სმ. |
||
| 500 | _a | ||
| 501 | _aილუსტრაციათა სია გვ. 323-324 | ||
| 501 | _aდოკუმენტების თემატური საძიებელი გვ. 325-356 | ||
| 501 | _aსქოლიო გვ. 358-374 | ||
| 541 | _h10 ლ. | ||
| 653 | _aბოლშევიკური წესრიგი საქართველოში | ||
| 653 | _aდოკუმენტები დიდი ტერორის შესახებ საქართველოში | ||
| 653 | _aისტორია | ||
| 653 | _aპოლიტიკა | ||
| 700 |
_aთუშურაშვილი, ომარ _eავტორი _910600 |
||
| 700 |
_aბონვეჩი, ბერნდ _eავტორი _94431 |
||
| 942 |
_cBK _2udc |
||